Online katalóg knižníc regiónu Turca

Najkrajšie rozprávky pre deti (Record no. 21711)

MARC details
000 -LEADER
fixed length control field 01783cam a2200517 a 4500
001 - CONTROL NUMBER
control field 21711
003 - CONTROL NUMBER IDENTIFIER
control field VRT
005 - DATE AND TIME OF LATEST TRANSACTION
control field 20260309100651.0
008 - FIXED-LENGTH DATA ELEMENTS--GENERAL INFORMATION
fixed length control field 180216s2016 xo a b 000 j slo
015 ## - NATIONAL BIBLIOGRAPHY NUMBER
National bibliography number SNBA2016/10
020 ## - INTERNATIONAL STANDARD BOOK NUMBER
International Standard Book Number 9788055149837
Qualifying information (viaz.)
035 ## - SYSTEM CONTROL NUMBER
System control number 4B89C83B-7B50-4392-A36D-2AC7216A0420
035 ## - SYSTEM CONTROL NUMBER
System control number urn:nbn:sk:snk-amyfn2
035 ## - SYSTEM CONTROL NUMBER
System control number urn:nbn:sk:snk-am00cly4
039 #9 - LEVEL OF BIBLIOGRAPHIC CONTROL AND CODING DETAIL [OBSOLETE]
Level of rules in bibliographic description 202001151159
Level of effort used to assign nonsubject heading access points csnk01
Level of effort used to assign subject headings 201812211105
Level of effort used to assign classification mtotk20
Level of effort used to assign subject headings 201802161233
Level of effort used to assign classification VLOAD
Level of effort used to assign subject headings 201701030850
Level of effort used to assign classification msavuk02
040 ## - CATALOGING SOURCE
Original cataloging agency SVKBB
Language of cataloging slo
Transcribing agency SVKBB
Modifying agency SNK
Description conventions AACR2
041 1# - LANGUAGE CODE
Language code of text/sound track or separate title slo
Language code of original ger
044 ## - COUNTRY OF PUBLISHING/PRODUCING ENTITY CODE
MARC country code xo
ISO country code SK
072 #7 - SUBJECT CATEGORY CODE
Subject category code 821-93
Subject category code subdivision Literatúra pre deti a mládež (beletria)
Source konspekt
080 ## - UNIVERSAL DECIMAL CLASSIFICATION NUMBER
Universal Decimal Classification number 821-34
Edition identifier 2011
080 ## - UNIVERSAL DECIMAL CLASSIFICATION NUMBER
Universal Decimal Classification number 82-93-053.2
Edition identifier 2011
130 0# - MAIN ENTRY--UNIFORM TITLE
Uniform title Meine schönsten Kindermärchen
Language of a work Slovensky
245 10 - TITLE STATEMENT
Title Najkrajšie rozprávky pre deti
Statement of responsibility, etc. ilustrovala Felicitas Kuhnová ; [z nemeckého originálu preložila Eva Budjačová]
250 ## - EDITION STATEMENT
Edition statement 1. vyd.
260 ## - PUBLICATION, DISTRIBUTION, ETC.
Place of publication, distribution, etc. Bratislava
Name of publisher, distributor, etc. Ikar, a.s. - Stonožka
Date of publication, distribution, etc. 2016
300 ## - PHYSICAL DESCRIPTION
Extent 127 s.
Other physical details fareb. ilustr.
Dimensions 27 cm
521 1# - TARGET AUDIENCE NOTE
Target audience note Pre deti od 5 rokov
655 #7 - INDEX TERM--GENRE/FORM
Genre/form data or focus term rozprávky
Source of term SNKPH
655 #7 - INDEX TERM--GENRE/FORM
Genre/form data or focus term publikácie pre deti
Source of term SNKPH
655 #7 - INDEX TERM--GENRE/FORM
Genre/form data or focus term Fairy tales
Source of term SNKPHeng
655 #7 - INDEX TERM--GENRE/FORM
Genre/form data or focus term Children's literature
Source of term SNKPHeng
700 1# - ADDED ENTRY--PERSONAL NAME
Personal name Kuhnová, Felicitas
Relationship ill
700 1# - ADDED ENTRY--PERSONAL NAME
Personal name Budjačová, Eva
Relationship trl
910 ## - USER-OPTION DATA (OCLC)
User-option data bjdg
910 ## - USER-OPTION DATA (OCLC)
User-option data snk
910 ## - USER-OPTION DATA (OCLC)
User-option data sllk
910 ## - USER-OPTION DATA (OCLC)
User-option data skpk
910 ## - USER-OPTION DATA (OCLC)
User-option data savuk
910 ## - USER-OPTION DATA (OCLC)
User-option data totk
942 ## - ADDED ENTRY ELEMENTS (KOHA)
Source of classification or shelving scheme Dewey Decimal Classification
Koha item type Krásna literatúra pre deti
Suppress in OPAC No
949 ## - LOCAL PROCESSING INFORMATION (OCLC)
6 2889317674
a savukPV 23158
b savuk2016/3703
949 ## - LOCAL PROCESSING INFORMATION (OCLC)
6 273K0616969
a svkpoC 57704
b svkpo612420
949 ## - LOCAL PROCESSING INFORMATION (OCLC)
6 270001000545064
a svkbbC 61481
b svkbbm 763906
949 ## - LOCAL PROCESSING INFORMATION (OCLC)
6 17A1215989
a snkSB 90678
b snk2016/23145
o 2095/16
s 6100:20161103
949 ## - LOCAL PROCESSING INFORMATION (OCLC)
6 17A1215990
a snkSB 90678 D1
b snk2016/23146
o 2095/16
Holdings
Stav vyradenia Strata Poškodenie Spôsob nadobudnutia Domovská knižnica Aktuálna knižnica Dátum nadobudnutia Total checkouts Čiarový kód exemplára Date last seen Typ exemplára
      Dar Obecná knižnica Turčianska Štiavnička Obecná knižnica Turčianska Štiavnička 09.03.2026   4738000306 09.03.2026 Krásna literatúra pre deti
Projekt je podporený Slovenskou asociáciou knižníc
Prevádzkuje Turčianska knižnica Martin 2026